<?xml version="1.0" encoding="UTF-8"?>
<record
    xmlns:xsi="http://www.w3.org/2001/XMLSchema-instance"
    xsi:schemaLocation="http://www.loc.gov/MARC21/slim http://www.loc.gov/standards/marcxml/schema/MARC21slim.xsd"
    xmlns="http://www.loc.gov/MARC21/slim">

  <leader>01861nam a22003617a 4500</leader>
  <controlfield tag="001">00000316</controlfield>
  <controlfield tag="003">DO-SdBPM</controlfield>
  <controlfield tag="005">20260518110247.0</controlfield>
  <controlfield tag="007">a</controlfield>
  <controlfield tag="008">160603b2003 sp     ||| 00| 0 spa d</controlfield>
  <datafield tag="020" ind1=" " ind2=" ">
    <subfield code="a">8497594002 </subfield>
  </datafield>
  <datafield tag="040" ind1=" " ind2=" ">
    <subfield code="a">DO-SdBPM</subfield>
    <subfield code="b">spa</subfield>
    <subfield code="c">BPMSU</subfield>
    <subfield code="e">rda</subfield>
  </datafield>
  <datafield tag="082" ind1="0" ind2="4">
    <subfield code="a">370. 154 </subfield>
    <subfield code="b">J66p 2003</subfield>
    <subfield code="2">22</subfield>
  </datafield>
  <datafield tag="100" ind1="1" ind2=" ">
    <subfield code="a">Johnson, Spencer</subfield>
    <subfield code="d">1937-2017 </subfield>
    <subfield code="4">aut. </subfield>
    <subfield code="e">autor</subfield>
  </datafield>
  <datafield tag="240" ind1="1" ind2="0">
    <subfield code="a">The one minute teacher.</subfield>
    <subfield code="l">Espa&#xF1;ol.</subfield>
  </datafield>
  <datafield tag="245" ind1="1" ind2="0">
    <subfield code="a">El profesor al minuto :</subfield>
    <subfield code="b"> c&#xF3;mo ense&#xF1;ar a los dem&#xE1;s a ense&#xF1;arse a s&#xED; mismo /  </subfield>
    <subfield code="c">Spencer Johnson, Constance Johnson ; traducci&#xF3;n de J. A. Bravo.</subfield>
  </datafield>
  <datafield tag="264" ind1=" " ind2=" ">
    <subfield code="a">Barcelona : </subfield>
    <subfield code="b">Debolsillo, </subfield>
    <subfield code="c">2003.</subfield>
  </datafield>
  <datafield tag="300" ind1=" " ind2=" ">
    <subfield code="a">156 p&#xE1;ginas  ; </subfield>
    <subfield code="c">19 cm. </subfield>
  </datafield>
  <datafield tag="336" ind1=" " ind2=" ">
    <subfield code="a">texto</subfield>
    <subfield code="b">txt</subfield>
    <subfield code="2">rdacontent</subfield>
  </datafield>
  <datafield tag="337" ind1=" " ind2=" ">
    <subfield code="a">sin mediaci&#xF3;n </subfield>
    <subfield code="b">n</subfield>
    <subfield code="2">rdamedia </subfield>
  </datafield>
  <datafield tag="338" ind1=" " ind2=" ">
    <subfield code="a">volumen </subfield>
    <subfield code="b">nc</subfield>
    <subfield code="2">rdacarrier </subfield>
  </datafield>
  <datafield tag="490" ind1="0" ind2=" ">
    <subfield code="a">Biblioteca Spencer Johnson, Constance Johnson,</subfield>
    <subfield code="v">2</subfield>
  </datafield>
  <datafield tag="500" ind1=" " ind2=" ">
    <subfield code="a">Incluye datos biogr&#xE1;ficos del autor</subfield>
  </datafield>
  <datafield tag="505" ind1="0" ind2=" ">
    <subfield code="a">Agradecimientos | El profesor al minuto | Los objetivos de un minuto del estudiante | Resumen | Los elogios de un minuto del estudiante | Resumen | La recuperaci&#xF3;n de u minuto del estudiante | En casa | Los objetivos de un minuto del estudiante | Los elogios de un minuto del profesor | La recuperaci&#xF3;n de un minuto del profesor | Por qu&#xE9; funcionan los objetivos de un minuto | Por qu&#xE9; funcionan los elogios de un minuto | Por qu&#xE9; funcionan las recuperaciones d&#xE9; un minuto | El peque&#xF1;o organigrama del profesor al minuto | Un regalo para ti mismo y para los dem&#xE1;s | Material did&#xE1;ctico | Sobre los autores</subfield>
  </datafield>
  <datafield tag="590" ind1=" " ind2=" ">
    <subfield code="a">Inventariado, 2026/VM</subfield>
  </datafield>
  <datafield tag="650" ind1=" " ind2="7">
    <subfield code="a"> Autoformaci&#xF3;n</subfield>
  </datafield>
  <datafield tag="650" ind1=" " ind2="7">
    <subfield code="a">M&#xE9;todos de estudio. </subfield>
  </datafield>
  <datafield tag="650" ind1=" " ind2="7">
    <subfield code="a"> Motivaci&#xF3;n (Psicolog&#xED;a)</subfield>
  </datafield>
  <datafield tag="700" ind1="1" ind2=" ">
    <subfield code="a"> Jonhson, Constance</subfield>
    <subfield code="e"> autor</subfield>
  </datafield>
  <datafield tag="700" ind1="1" ind2=" ">
    <subfield code="a">Bravo,   J. A. </subfield>
    <subfield code="e">traducci&#xF3;n de</subfield>
  </datafield>
  <datafield tag="910" ind1=" " ind2=" ">
    <subfield code="a">VMateo V. Control de calidad. BPMSU </subfield>
  </datafield>
  <datafield tag="942" ind1=" " ind2=" ">
    <subfield code="2">ddc</subfield>
    <subfield code="c">BK</subfield>
  </datafield>
  <datafield tag="952" ind1=" " ind2=" ">
    <subfield code="0">0</subfield>
    <subfield code="1">0</subfield>
    <subfield code="2">ddc</subfield>
    <subfield code="7">0</subfield>
    <subfield code="8">CG</subfield>
    <subfield code="a">BPMET</subfield>
    <subfield code="b">BPMET</subfield>
    <subfield code="d">2016-06-03</subfield>
    <subfield code="e">Biblioteca Nacional Pedro Henr&#xED;quez Ure&#xF1;a</subfield>
    <subfield code="l">0</subfield>
    <subfield code="o">BPMSU CG 370. 154  J66p 2003</subfield>
    <subfield code="p">BPMSU16060045</subfield>
    <subfield code="r">2016-06-03</subfield>
    <subfield code="w">2016-06-03</subfield>
    <subfield code="y">BK</subfield>
  </datafield>
  <datafield tag="999" ind1=" " ind2=" ">
    <subfield code="c">10270</subfield>
    <subfield code="d">10270</subfield>
  </datafield>
</record>
